Des célébrités portant les initiales O - Statistiques

Statistiques générales
  • Ce quiz a été pris 71 fois
  • Le résultat moyen est 10 sur 24
Statistiques - réponses
Code Indice Célébrité % Correct
OS Acteur français, césarisé pour Intouchables Omar Sy
92%
OG Footballeur français, champion du monde 2018 et meilleur buteur de l’histoire des Bleus Olivier Giroud
77%
OM Animateur de jeux qui se passe dans un fort et producteur de télévision français Olivier Minne
76%
OD Footballeur français, champion du monde 2018 qui a les deux pieds Ousmane Dembélé
74%
OL Chef d’Al-Qaïda et responsable des attentats du 11 septembre 2001 Oussama ben Laden
68%
OC Actrice britannique, petite-fille de Charlie Chaplin Oona Castilla Chaplin
66%
OB Acteur britannique, connu pour Le Seigneur des Anneaux et Pirates des Caraïbes Orlando Bloom
66%
ON Chanteuse et actrice australienne, star de Grease Olivia Newton-John
60%
OH Comédien américain, partenaire de Stan Laurel Oliver Hardy
56%
OV Médecin et homme politique français, ancien ministre de la Santé Olivier Véran
55%
OR Chanteuse française, révélée par la Star Academy Olivia Ruiz
48%
OO Chanteur britannique, icône du heavy metal et leader de Black Sabbath Ozzy Osbourne
48%
OK Ancien gardien de but allemand, légende du Bayern Munich et de la colère Oliver Kahn
47%
OF Ancien footballeur et consultant franco-argentin, connu pour ses envolées lyriques Omar da Fonseca
47%
OP Athlète sud-africain spécialiste du sprint, plusieurs fois champion paralympique Oscar Pistorius
40%
OW Acteur américain, connu pour Minuit à Paris et Zoolander Owen Wilson
37%
OJ Joueuse de tennis tunisienne, finaliste en Grand Chelem Ons Jabeur
29%
OZ Première dame d’Ukraine et militante Olena Zelenska
16%
OA Entrepreneur français, cofondateur de The Family et "mythomane" Oussama Ammar
15%
OT Mangaka japonais, surnommé le « Dieu du manga », créateur d'Astro Boy Osamu Tezuka
6%
OI Acteur américano-guatémaltèque, star de Star Wars et Ex Machina Oscar Isaac
6%
OE Acteur américain, connu pour Dr House et Love & Basketball Omar Epps
3%
OY Acteur sud-coréen, lauréat d’un Golden Globe pour Squid Game Oh Yeong-su
0%
OU Boxeur ukrainien, champion du monde poids lourds Oleksandr Usyk
0%
Aucun quiz correspondant
Distribution des résultats
% des personnes avec chaque résultat
Percentile par nombre de réponses
Votre historique - résultats
Vous n’avez pas pris ce quiz